| 000 | 02001nam a2200337 4500 | ||
|---|---|---|---|
| 001 | 407 | ||
| 003 | OSt | ||
| 005 | 20250528074019.0 | ||
| 008 | 250508b |||||||j |||| 00| 1 eng d | ||
| 020 | _a8539808676 | ||
| 040 | _bpor | ||
| 041 |
_heng _apor |
||
| 082 |
_a823 _bJ82e |
||
| 100 | 1 |
_aJordan, Penny, _d1946-2011 _9877 |
|
| 240 | _aFinding love: The Mistress Purchase & Again.... / | ||
| 245 |
_aEncontrando um Amor: _bProcura-se um amante & Outra vez.. / _cJordan, Penny ; Tradução de Silvia Lima e Gracinda Vasconcelos |
||
| 250 | _a2 ed. | ||
| 260 |
_aRio de Janeiro _bHarlequin Books _c2013 |
||
| 300 | _a310 p. | ||
| 520 | _aProcura-se uma Amante Vendida para o magnata grego! Leon Stapinopolous nunca passou por uma derrota na sala de reuniões – nem na cama! A aquisição de uma das mais antigas perfumarias da França será a próxima tacada de sucesso de sua carreira. Leon exige que a perfumista Sadie Roberts faça parte do negócio! Enquanto ele se preocupa com o lucro, Sadie se mostra inflexível. Mas Leon atiça os sentidos dela como a mais inebriante das fragrâncias… Mesmo consciente de que tem tudo a perder, Sadie não resiste e se embriaga com a encantadora sedução de Leon… Outra vez... Amante do próprio marido? Kate chega para mais um dia de trabalho e é recebida com uma bomba! O novo diretor é ninguém menos que seu ex-marido! Sean, um executivo bilionário, ainda sofre com o fim do casamento. Mas quando a vê, sente reacender a atração física com um simples toque. É apenas uma questão de tempo para que Kate durma com o chefe, e se torne amante do próprio marido! | ||
| 650 | 0 |
_aLiteratura Inglesa _989 |
|
| 650 | 0 |
_aAmante _9643 |
|
| 650 | 0 |
_aTraição _9644 |
|
| 650 | 0 |
_aSegunda chance no amor _9879 |
|
| 655 | 0 |
_aRomance _923 |
|
| 655 | 0 |
_aFicção _922 |
|
| 700 |
_aSilvia Lima _eTRADUTOR _cTRADUTOR _9880 |
||
| 700 |
_aGracinda Vasconcelos _eTRADUTOR _9881 |
||
| 830 |
_aColeção Penny Jordan _9878 |
||
| 942 |
_2ddc _n0 _cBK |
||
| 999 |
_c407 _d407 |
||